[Event "Blitz 2018"]
[Site "Saint-Petersburg"]
[Date "2018.12.29"]
[Round "3"]
[Board "69"]
[White "Sakaev Konstantin (RUS)"]
[Black "Gurvich Vitaly (RUS)"]
[Result "1-0"]
[LiveChessVersion "1.4.8"]
[BlackElo "2302"]
[WhiteElo "2551"]

1. d4 {[%clk 0:03:03]} Nf6 {[%clk 0:03:03]} 2. c4 {[%clk 0:03:04]} e6
{[%clk 0:03:03]} 3. Nf3 {[%clk 0:03:04]} Bb4+ {[%clk 0:03:04]} 4. Nbd2
{[%clk 0:03:04]} O-O {[%clk 0:03:00]} 5. g3 {[%clk 0:03:05]} b6 {[%clk 0:02:55]}
6. Bg2 {[%clk 0:03:05]} Bb7 {[%clk 0:02:55]} 7. O-O {[%clk 0:03:05]} Bxd2
{[%clk 0:02:48]} 8. Qxd2 {[%clk 0:03:00]} d6 {[%clk 0:02:46]} 9. b4
{[%clk 0:02:59]} Nbd7 {[%clk 0:02:40]} 10. Bb2 {[%clk 0:03:00]} Qe7
{[%clk 0:02:29]} 11. Rfd1 {[%clk 0:02:59]} a5 {[%clk 0:02:23]} 12. b5
{[%clk 0:02:50]} Ne4 {[%clk 0:02:08]} 13. Qc2 {[%clk 0:02:45]} f5
{[%clk 0:02:00]} 14. Ba3 {[%clk 0:02:46]} Rad8 {[%clk 0:01:48]} 15. Rac1
{[%clk 0:02:42]} Ba8 {[%clk 0:01:37]} 16. Ne1 {[%clk 0:02:40]} Rfe8
{[%clk 0:01:05]} 17. Nd3 {[%clk 0:02:34]} Nef6 {[%clk 0:01:02]} 18. Bxa8
{[%clk 0:02:04]} Rxa8 {[%clk 0:01:03]} 19. c5 {[%clk 0:02:05]} bxc5
{[%clk 0:00:24]} 20. dxc5 {[%clk 0:02:06]} dxc5 {[%clk 0:00:23]} 21. Bxc5
{[%clk 0:01:56]} Nxc5 {[%clk 0:00:22]} 22. Qxc5 {[%clk 0:01:55]} Nd5
{[%clk 0:00:10]} 23. Qxe7 {[%clk 0:01:38]} Rxe7 {[%clk 0:00:11]} 24. Rc5
{[%clk 0:01:18]} Kf7 {[%clk 0:00:07]} 25. Rdc1 {[%clk 0:01:18]} g5
{[%clk 0:00:05]} 26. f3 {[%clk 0:01:18]} Kf6 {[%clk 0:00:04]} 27. e4
{[%clk 0:01:17]} fxe4 {[%clk 0:00:04]} 28. fxe4 {[%clk 0:01:18]} Nb4
{[%clk 0:00:04]} 29. Rf1+ {[%clk 0:01:05]} Kg6 {[%clk 0:00:04]} 30. Ne5+
{[%clk 0:01:05]} Kh5 {[%clk 0:00:03]} 31. a3 {[%clk 0:01:03]} 1-0

[Event "Blitz 2018"]
[Site "Saint-Petersburg"]
[Date "2018.12.29"]
[Round "3"]
[Board "70"]
[White "Demidov Mikhail (RUS)"]
[Black "Makoveev Ilya (RUS)"]
[Result "1-0"]
[LiveChessVersion "1.4.8"]
[BlackElo "2243"]
[WhiteElo "2546"]

1. Nf3 {[%clk 0:03:03]} Nf6 {[%clk 0:03:03]} 2. g3 {[%clk 0:03:05]} g6 3. b3 Bg7
{[%clk 0:03:05]} 4. Bb2 {[%clk 0:03:08]} O-O {[%clk 0:03:05]} 5. Bg2
{[%clk 0:03:10]} b6 {[%clk 0:03:02]} 6. O-O {[%clk 0:03:10]} Bb7 {[%clk 0:03:04]}
7. c4 {[%clk 0:03:11]} c5 {[%clk 0:03:03]} 8. Nc3 {[%clk 0:03:04]} Nc6
{[%clk 0:02:38]} 9. e3 {[%clk 0:03:01]} d5 {[%clk 0:02:28]} 10. cxd5
{[%clk 0:02:55]} Nxd5 {[%clk 0:02:29]} 11. Na4 {[%clk 0:02:22]} e5
{[%clk 0:02:11]} 12. a3 {[%clk 0:02:23]} Qe7 {[%clk 0:02:03]} 13. d3
{[%clk 0:02:18]} Rfd8 {[%clk 0:01:57]} 14. Qc2 {[%clk 0:02:16]} Rac8
{[%clk 0:01:57]} 15. Rfd1 {[%clk 0:01:49]} h6 {[%clk 0:01:45]} 16. Rac1
{[%clk 0:01:50]} Kh7 {[%clk 0:01:36]} 17. Qb1 {[%clk 0:01:51]} Qe6
{[%clk 0:01:04]} 18. Nc3 {[%clk 0:01:41]} Nxc3 {[%clk 0:00:44]} 19. Bxc3
{[%clk 0:01:43]} Rd7 {[%clk 0:00:41]} 20. b4 {[%clk 0:01:40]} cxb4
{[%clk 0:00:39]} 21. axb4 {[%clk 0:01:42]} Rcd8 {[%clk 0:00:40]} 22. Ne1
{[%clk 0:01:18]} Ne7 {[%clk 0:00:38]} 23. e4 {[%clk 0:01:04]} Nc6
{[%clk 0:00:36]} 24. Bf1 {[%clk 0:00:59]} h5 {[%clk 0:00:34]} 25. b5
{[%clk 0:00:48]} Nd4 {[%clk 0:00:19]} 26. Bxd4 {[%clk 0:00:49]} exd4
{[%clk 0:00:20]} 27. Bg2 {[%clk 0:00:30]} Bh6 {[%clk 0:00:15]} 28. Rc4
{[%clk 0:00:27]} Rc8 {[%clk 0:00:13]} 29. Rxc8 {[%clk 0:00:24]} Bxc8
{[%clk 0:00:14]} 30. Qc2 {[%clk 0:00:24]} Bb7 {[%clk 0:00:15]} 31. Ra1
{[%clk 0:00:25]} Bg7 {[%clk 0:00:05]} 32. h4 {[%clk 0:00:26]} Ba8
{[%clk 0:00:03]} 33. Nf3 {[%clk 0:00:24]} Qe8 34. Bh3 {[%clk 0:00:17]} Re7
{[%clk 0:00:04]} 35. Qc4 {[%clk 0:00:15]} Qd8 {[%clk 0:00:05]} 36. Rc1
{[%clk 0:00:13]} Bb7 {[%clk 0:00:05]} 37. Bg2 {[%clk 0:00:11]} Rd7
{[%clk 0:00:04]} 38. Qb4 {[%clk 0:00:09]} Kg8 {[%clk 0:00:05]} 39. Qc4
{[%clk 0:00:08]} Re7 {[%clk 0:00:04]} 40. Qa4 {[%clk 0:00:09]} Rc7
{[%clk 0:00:04]} 41. Rxc7 {[%clk 0:00:09]} Qxc7 {[%clk 0:00:04]} 42. Qxa7
{[%clk 0:00:10]} Bf8 {[%clk 0:00:05]} 43. Kh2 {[%clk 0:00:09]} Bc5
{[%clk 0:00:06]} 44. e5 {[%clk 0:00:09]} Qe7 {[%clk 0:00:04]} 45. Qb8+
{[%clk 0:00:07]} Kg7 {[%clk 0:00:05]} 46. Ng5 {[%clk 0:00:08]} Bxg2 47. Kxg2
{[%clk 0:00:09]} Qd7 {[%clk 0:00:04]} 48. e6 {[%clk 0:00:09]} fxe6
{[%clk 0:00:04]} 49. Qe5+ {[%clk 0:00:10]} Kg8 {[%clk 0:00:04]} 50. Qxe6+
{[%clk 0:00:07]} Qxe6 {[%clk 0:00:04]} 51. Nxe6 {[%clk 0:00:09]} Bd6
{[%clk 0:00:03]} 52. Nxd4 {[%clk 0:00:08]} Kf7 {[%clk 0:00:04]} 53. Kf3
{[%clk 0:00:09]} Bc5 {[%clk 0:00:05]} 54. Ke4 {[%clk 0:00:07]} Kf6
{[%clk 0:00:06]} 55. f3 {[%clk 0:00:07]} Bd6 {[%clk 0:00:07]} 56. Ne2
{[%clk 0:00:08]} Ke6 {[%clk 0:00:06]} 57. d4 {[%clk 0:00:09]} Kf6
{[%clk 0:00:07]} 58. Nf4 {[%clk 0:00:09]} g5 {[%clk 0:00:06]} 59. hxg5+
{[%clk 0:00:08]} Kxg5 {[%clk 0:00:07]} 60. Ne2 {[%clk 0:00:08]} Bc7
{[%clk 0:00:04]} 61. Kd5 {[%clk 0:00:07]} Bxg3 62. Nxg3 {[%clk 0:00:08]} h4
{[%clk 0:00:04]} 63. Nh1 {[%clk 0:00:04]} Kf4 {[%clk 0:00:03]} 64. Kc6
{[%clk 0:00:05]} Kxf3 {[%clk 0:00:04]} 65. d5 {[%clk 0:00:06]} h3
{[%clk 0:00:04]} 66. d6 {[%clk 0:00:08]} h2 {[%clk 0:00:05]} 67. d7
{[%clk 0:00:09]} Kg2 {[%clk 0:00:06]} 68. d8=Q {[%clk 0:00:10]} Kxh1
{[%clk 0:00:07]} 69. Kxb6 {[%clk 0:00:10]} 1-0

[Event "Blitz 2018"]
[Site "Saint-Petersburg"]
[Date "2018.12.29"]
[Round "3"]
[Board "71"]
[White "Sharma Dinesh K. (IND)"]
[Black "Huzman Alexander (ISR)"]
[Result "0-1"]
[LiveChessVersion "1.4.8"]
[BlackElo "2543"]
[WhiteElo "2383"]

1. e4 {[%clk 0:03:03]} e5 {[%clk 0:03:01]} 2. Nf3 {[%clk 0:03:04]} Nf6
{[%clk 0:03:02]} 3. Nxe5 {[%clk 0:02:53]} d6 {[%clk 0:03:03]} 4. Nf3
{[%clk 0:02:53]} Nxe4 {[%clk 0:03:03]} 5. d4 {[%clk 0:02:54]} d5 {[%clk 0:03:03]}
6. Bd3 {[%clk 0:02:54]} Be7 {[%clk 0:03:04]} 7. O-O {[%clk 0:02:55]} O-O
{[%clk 0:02:57]} 8. c4 {[%clk 0:02:55]} Nf6 {[%clk 0:02:56]} 9. Nc3
{[%clk 0:02:52]} Nc6 {[%clk 0:02:47]} 10. h3 {[%clk 0:02:50]} Nb4
{[%clk 0:02:48]} 11. Be2 {[%clk 0:02:51]} Be6 {[%clk 0:02:41]} 12. a3
{[%clk 0:02:39]} Nc6 {[%clk 0:02:42]} 13. cxd5 {[%clk 0:02:19]} Nxd5
{[%clk 0:02:43]} 14. Re1 {[%clk 0:02:19]} Qd7 {[%clk 0:02:37]} 15. Bf1
{[%clk 0:02:12]} Rad8 {[%clk 0:02:37]} 16. Ne4 {[%clk 0:02:05]} h6
{[%clk 0:02:37]} 17. Ne5 {[%clk 0:01:15]} Nxe5 {[%clk 0:02:37]} 18. dxe5
{[%clk 0:01:16]} Bf5 {[%clk 0:02:38]} 19. Qf3 {[%clk 0:01:14]} Qe6
{[%clk 0:02:34]} 20. Ng3 {[%clk 0:01:00]} Bg6 {[%clk 0:02:35]} 21. Bd2
{[%clk 0:00:59]} c6 {[%clk 0:02:32]} 22. Rad1 {[%clk 0:00:58]} Rd7
{[%clk 0:02:25]} 23. Bc4 {[%clk 0:00:57]} Rfd8 {[%clk 0:02:26]} 24. Ne2
{[%clk 0:00:47]} Qf5 {[%clk 0:02:19]} 25. Qxf5 {[%clk 0:00:43]} Bxf5
{[%clk 0:02:20]} 26. Nd4 {[%clk 0:00:44]} Be6 {[%clk 0:02:19]} 27. Nxe6
{[%clk 0:00:44]} fxe6 {[%clk 0:02:20]} 28. Bc1 {[%clk 0:00:45]} Kf7
{[%clk 0:02:20]} 29. g3 {[%clk 0:00:45]} Bc5 {[%clk 0:02:16]} 30. Bb3
{[%clk 0:00:44]} Ke7 {[%clk 0:02:11]} 31. Kg2 {[%clk 0:00:45]} Nc7
{[%clk 0:02:08]} 32. Rxd7+ {[%clk 0:00:45]} Rxd7 {[%clk 0:02:09]} 33. Rd1
{[%clk 0:00:42]} Bd4 {[%clk 0:01:51]} 34. f4 {[%clk 0:00:41]} Na6
{[%clk 0:01:53]} 35. Kf3 {[%clk 0:00:40]} b5 {[%clk 0:01:50]} 36. Bc2
{[%clk 0:00:38]} Nc7 {[%clk 0:01:48]} 37. Ke4 {[%clk 0:00:37]} c5
{[%clk 0:01:50]} 38. b4 {[%clk 0:00:35]} Nd5 {[%clk 0:01:47]} 39. Kf3
{[%clk 0:00:30]} Nb6 {[%clk 0:01:30]} 40. bxc5 {[%clk 0:00:30]} Bxc5
{[%clk 0:01:31]} 41. Rxd7+ {[%clk 0:00:30]} Kxd7 {[%clk 0:01:31]} 42. Bd3
{[%clk 0:00:31]} a6 {[%clk 0:01:32]} 43. g4 {[%clk 0:00:32]} Ke7 {[%clk 0:01:30]}
44. Ke4 {[%clk 0:00:32]} Nd5 {[%clk 0:01:25]} 45. f5 {[%clk 0:00:29]} Nc3+
{[%clk 0:01:26]} 46. Kf3 {[%clk 0:00:30]} Bd4 {[%clk 0:01:26]} 47. f6+
{[%clk 0:00:27]} Kf7 {[%clk 0:01:26]} 48. fxg7 {[%clk 0:00:27]} Kxg7
{[%clk 0:01:27]} 49. Be4 {[%clk 0:00:21]} Bxe5 {[%clk 0:01:23]} 50. Bb7
{[%clk 0:00:22]} a5 {[%clk 0:01:25]} 51. Bc8 {[%clk 0:00:20]} Kf7
{[%clk 0:01:12]} 52. Bxh6 {[%clk 0:00:21]} b4 {[%clk 0:01:13]} 53. axb4
{[%clk 0:00:22]} axb4 {[%clk 0:01:15]} 54. Bc1 {[%clk 0:00:20]} Nd5
{[%clk 0:01:09]} 55. Ba6 {[%clk 0:00:19]} b3 {[%clk 0:01:11]} 56. Bc4
{[%clk 0:00:19]} b2 {[%clk 0:01:11]} 57. Bxb2 {[%clk 0:00:20]} Bxb2
{[%clk 0:01:12]} 58. h4 {[%clk 0:00:19]} Bc3 {[%clk 0:01:06]} 59. Ke4
{[%clk 0:00:18]} Nf6+ {[%clk 0:01:06]} 60. Kf3 {[%clk 0:00:19]} Nd7
{[%clk 0:01:07]} 61. Bb3 {[%clk 0:00:17]} Be1 {[%clk 0:01:06]} 62. Ba2
{[%clk 0:00:18]} Bxh4 {[%clk 0:01:06]} 63. Kf4 {[%clk 0:00:17]} Kf6
{[%clk 0:01:05]} 64. Ke4 {[%clk 0:00:16]} Bf2 {[%clk 0:01:04]} 65. Kf3
{[%clk 0:00:17]} Be1 {[%clk 0:01:03]} 66. Kf4 {[%clk 0:00:18]} Bd2+
{[%clk 0:01:04]} 67. Ke4 {[%clk 0:00:20]} Nc5+ {[%clk 0:01:05]} 68. Kf3
{[%clk 0:00:21]} e5 {[%clk 0:01:01]} 69. Bd5 {[%clk 0:00:22]} Kg5
{[%clk 0:01:02]} 70. Bc6 {[%clk 0:00:21]} Bf4 {[%clk 0:01:03]} 71. Bd5
{[%clk 0:00:22]} Nd7 {[%clk 0:01:04]} 72. Bb7 {[%clk 0:00:22]} Nf6
{[%clk 0:01:05]} 73. Bc8 {[%clk 0:00:23]} e4+ {[%clk 0:01:06]} 74. Ke2
{[%clk 0:00:24]} Nxg4 {[%clk 0:01:06]} 75. Bb7 {[%clk 0:00:25]} Nf6
{[%clk 0:01:07]} 76. Bc6 {[%clk 0:00:26]} Kf5 {[%clk 0:01:08]} 77. Bb7
{[%clk 0:00:27]} Ke5 {[%clk 0:01:09]} 78. Ba8 {[%clk 0:00:27]} Nd5
{[%clk 0:01:09]} 79. Bc6 {[%clk 0:00:27]} Kd4 {[%clk 0:01:10]} 80. Bb7
{[%clk 0:00:26]} Nc3+ {[%clk 0:01:10]} 81. Kf1 {[%clk 0:00:26]} e3
{[%clk 0:01:10]} 82. Ba6 {[%clk 0:00:28]} Kc5 {[%clk 0:01:07]} 83. Kg2
{[%clk 0:00:26]} Kd4 {[%clk 0:01:04]} 84. Kf3 {[%clk 0:00:27]} Bd6
{[%clk 0:01:05]} 85. Bf1 {[%clk 0:00:27]} Nb1 {[%clk 0:01:04]} 86. Ke2
{[%clk 0:00:27]} Nd2 {[%clk 0:01:05]} 87. Bh3 {[%clk 0:00:29]} Ke4
{[%clk 0:01:03]} 88. Bg2+ {[%clk 0:00:30]} Kf4 {[%clk 0:01:05]} 89. Bc6
{[%clk 0:00:30]} Ne4 {[%clk 0:01:06]} 90. Bb7 {[%clk 0:00:30]} Ng3+
{[%clk 0:01:06]} 91. Kd3 {[%clk 0:00:29]} e2 {[%clk 0:01:07]} 92. Kd4 Bb4 0-1

[Event "Blitz 2018"]
[Site "Saint-Petersburg"]
[Date "2018.12.29"]
[Round "3"]
[Board "72"]
[White "Potapov Pavel (RUS)"]
[Black "Yeritsyan Aram (RUS)"]
[Result "1-0"]
[LiveChessVersion "1.4.8"]
[BlackElo "2191"]
[WhiteElo "2542"]

1. e4 {[%clk 0:03:03]} e5 {[%clk 0:03:04]} 2. Nf3 {[%clk 0:03:04]} Nc6
{[%clk 0:03:05]} 3. Bb5 a6 4. Ba4 {[%clk 0:03:06]} Nf6 {[%clk 0:03:07]} 5. d3
{[%clk 0:03:08]} b5 {[%clk 0:03:07]} 6. Bb3 {[%clk 0:03:09]} Be7 {[%clk 0:03:04]}
7. c3 {[%clk 0:03:08]} Bb7 {[%clk 0:03:03]} 8. O-O {[%clk 0:03:08]} O-O
{[%clk 0:03:02]} 9. Re1 {[%clk 0:03:07]} d6 {[%clk 0:02:43]} 10. Nbd2
{[%clk 0:03:08]} Qd7 {[%clk 0:02:40]} 11. Nf1 {[%clk 0:03:07]} Nd8
{[%clk 0:02:41]} 12. Ng3 {[%clk 0:03:06]} c5 {[%clk 0:02:35]} 13. d4
{[%clk 0:03:00]} exd4 {[%clk 0:02:07]} 14. cxd4 {[%clk 0:03:00]} c4
{[%clk 0:02:08]} 15. Bc2 d5 16. e5 {[%clk 0:02:50]} Ne4 {[%clk 0:02:11]} 17. Nxe4
{[%clk 0:02:41]} dxe4 {[%clk 0:02:13]} 18. Bxe4 {[%clk 0:02:41]} Bxe4
{[%clk 0:02:14]} 19. Rxe4 {[%clk 0:02:40]} Qd5 {[%clk 0:02:15]} 20. Re1
{[%clk 0:02:15]} Ne6 {[%clk 0:02:17]} 21. Be3 {[%clk 0:02:15]} f5
{[%clk 0:02:06]} 22. exf6 {[%clk 0:02:09]} Bxf6 {[%clk 0:02:08]} 23. Ne5
{[%clk 0:01:59]} Rad8 {[%clk 0:01:46]} 24. Qh5 {[%clk 0:01:15]} Nxd4
{[%clk 0:01:11]} 25. Bxd4 {[%clk 0:01:05]} Qxd4 {[%clk 0:01:12]} 26. Rad1
{[%clk 0:00:38]} Qxb2 {[%clk 0:00:42]} 27. Rxd8 {[%clk 0:00:38]} Rxd8
{[%clk 0:00:43]} 28. Qf7+ {[%clk 0:00:32]} Kh8 {[%clk 0:00:45]} 29. Nd3
{[%clk 0:00:17]} 1-0

[Event "Blitz 2018"]
[Site "Saint-Petersburg"]
[Date "2018.12.29"]
[Round "3"]
[Board "73"]
[White "Ragger Markus (AUT)"]
[Black "Nozdrachev Vladislav (RUS)"]
[Result "1-0"]
[LiveChessVersion "1.4.8"]
[BlackElo "2521"]
[WhiteElo "2677"]

1. e4 {[%clk 0:03:03]} e5 {[%clk 0:03:03]} 2. Nf3 {[%clk 0:03:04]} Nc6
{[%clk 0:03:04]} 3. Bc4 {[%clk 0:03:06]} Bc5 {[%clk 0:03:05]} 4. c3
{[%clk 0:03:07]} Nf6 {[%clk 0:03:05]} 5. d3 {[%clk 0:03:08]} a6 {[%clk 0:03:04]}
6. a4 {[%clk 0:03:08]} d6 {[%clk 0:03:05]} 7. O-O {[%clk 0:03:08]} Ba7
{[%clk 0:03:06]} 8. Re1 {[%clk 0:03:05]} O-O {[%clk 0:03:03]} 9. h3
{[%clk 0:03:05]} Ne7 {[%clk 0:02:55]} 10. d4 {[%clk 0:03:07]} Ng6
{[%clk 0:02:42]} 11. Bd3 {[%clk 0:03:07]} c6 {[%clk 0:02:38]} 12. Be3
{[%clk 0:03:08]} Nh5 {[%clk 0:02:22]} 13. Nbd2 {[%clk 0:03:06]} Ngf4
{[%clk 0:02:15]} 14. Bf1 {[%clk 0:03:06]} Qf6 {[%clk 0:02:13]} 15. Nc4
{[%clk 0:02:42]} Rd8 {[%clk 0:02:06]} 16. Nfd2 {[%clk 0:02:05]} Qg6
{[%clk 0:01:44]} 17. Kh2 {[%clk 0:02:02]} exd4 {[%clk 0:01:40]} 18. cxd4
{[%clk 0:02:03]} d5 {[%clk 0:01:41]} 19. Ne5 {[%clk 0:02:02]} Qf6
{[%clk 0:01:33]} 20. g3 {[%clk 0:01:58]} c5 {[%clk 0:01:15]} 21. gxf4
{[%clk 0:01:23]} g6 {[%clk 0:01:10]} 22. Ng4 {[%clk 0:00:48]} Bxg4
{[%clk 0:01:09]} 23. hxg4 {[%clk 0:00:46]} cxd4 {[%clk 0:00:47]} 24. gxh5
{[%clk 0:00:42]} Qh4+ {[%clk 0:00:44]} 25. Kg2 {[%clk 0:00:36]} dxe3
{[%clk 0:00:45]} 26. fxe3 {[%clk 0:00:36]} dxe4 {[%clk 0:00:46]} 27. Qe2
{[%clk 0:00:31]} Rd5 {[%clk 0:00:46]} 28. Nxe4 {[%clk 0:00:23]} Rxh5
{[%clk 0:00:46]} 29. Ng3 {[%clk 0:00:24]} Rh6 {[%clk 0:00:39]} 30. Qf2
{[%clk 0:00:23]} Re8 {[%clk 0:00:30]} 31. Bc4 {[%clk 0:00:24]} Re4
{[%clk 0:00:17]} 32. Bd5 {[%clk 0:00:23]} Rb4 {[%clk 0:00:17]} 33. Rh1
{[%clk 0:00:23]} Qd8 {[%clk 0:00:16]} 34. Rxh6 {[%clk 0:00:22]} Qxd5+
{[%clk 0:00:17]} 35. Kh2 {[%clk 0:00:23]} Qe6 {[%clk 0:00:11]} 36. Re1
{[%clk 0:00:20]} Rxa4 37. Rh4 {[%clk 0:00:18]} Qf6 {[%clk 0:00:09]} 38. Rg4
{[%clk 0:00:18]} Rb4 {[%clk 0:00:10]} 39. Re2 {[%clk 0:00:17]} Bb8
{[%clk 0:00:11]} 40. Rg5 {[%clk 0:00:14]} Bxf4 {[%clk 0:00:08]} 41. exf4
{[%clk 0:00:14]} Rxf4 {[%clk 0:00:10]} 42. Qc5 {[%clk 0:00:13]} Rh4+
{[%clk 0:00:04]} 43. Kg2 {[%clk 0:00:14]} Rf4 {[%clk 0:00:00]} 44. Re8+
{[%clk 0:00:14]} 1-0

[Event "Blitz 2018"]
[Site "Saint-Petersburg"]
[Date "2018.12.29"]
[Round "3"]
[Board "74"]
[White "Hakobyan Aram (ARM)"]
[Black "Inarkiev Ernesto (RUS)"]
[Result "0-1"]
[LiveChessVersion "1.4.8"]
[BlackElo "2674"]
[WhiteElo "2451"]

1. d4 {[%clk 0:03:02]} d5 {[%clk 0:03:03]} 2. c4 {[%clk 0:03:02]} e6
{[%clk 0:03:05]} 3. Nc3 {[%clk 0:03:03]} Bb4 {[%clk 0:03:06]} 4. e3
{[%clk 0:03:04]} Nf6 {[%clk 0:03:07]} 5. a3 {[%clk 0:03:04]} Bxc3+
{[%clk 0:03:07]} 6. bxc3 {[%clk 0:03:05]} O-O {[%clk 0:03:07]} 7. cxd5
{[%clk 0:03:06]} exd5 {[%clk 0:03:08]} 8. Bd3 {[%clk 0:03:07]} c5
{[%clk 0:03:10]} 9. Ne2 {[%clk 0:03:08]} b6 {[%clk 0:03:11]} 10. O-O
{[%clk 0:03:07]} Ba6 {[%clk 0:03:12]} 11. Ng3 {[%clk 0:03:06]} Re8
{[%clk 0:03:13]} 12. f3 {[%clk 0:03:04]} Bxd3 {[%clk 0:03:14]} 13. Qxd3
{[%clk 0:03:05]} Nc6 {[%clk 0:03:16]} 14. Ra2 {[%clk 0:03:05]} Qd7
{[%clk 0:02:57]} 15. Re2 {[%clk 0:03:06]} h5 {[%clk 0:02:58]} 16. Bb2
{[%clk 0:03:04]} Rad8 {[%clk 0:03:00]} 17. Nf5 {[%clk 0:02:37]} g6
{[%clk 0:02:41]} 18. Ng3 {[%clk 0:02:37]} Re6 {[%clk 0:01:52]} 19. Rfe1
{[%clk 0:02:33]} cxd4 {[%clk 0:01:52]} 20. cxd4 {[%clk 0:02:30]} Ne7
{[%clk 0:01:29]} 21. e4 {[%clk 0:02:24]} h4 {[%clk 0:01:29]} 22. Nf1
{[%clk 0:02:24]} Nh5 {[%clk 0:01:21]} 23. Qd2 {[%clk 0:02:18]} Re8
{[%clk 0:01:15]} 24. Qg5 {[%clk 0:01:41]} Nf5 {[%clk 0:01:16]} 25. Qd2
{[%clk 0:01:21]} Nd6 {[%clk 0:01:12]} 26. e5 {[%clk 0:01:23]} Nc4
{[%clk 0:01:11]} 27. Qg5 {[%clk 0:01:21]} Qe7 {[%clk 0:01:05]} 28. Qg4
{[%clk 0:01:06]} Qd8 {[%clk 0:00:41]} 29. f4 {[%clk 0:01:03]} Ng7
{[%clk 0:00:36]} 30. Qf3 {[%clk 0:00:54]} Nf5 {[%clk 0:00:37]} 31. Ba1
{[%clk 0:00:56]} Qe7 {[%clk 0:00:38]} 32. Ra2 {[%clk 0:00:46]} b5
{[%clk 0:00:38]} 33. g4 {[%clk 0:00:47]} hxg3 {[%clk 0:00:38]} 34. hxg3
{[%clk 0:00:49]} a5 {[%clk 0:00:38]} 35. g4 {[%clk 0:00:49]} Nh4 {[%clk 0:00:34]}
36. Qh3 {[%clk 0:00:49]} g5 {[%clk 0:00:36]} 37. Ng3 {[%clk 0:00:33]} Rh6
{[%clk 0:00:37]} 38. Nh5 {[%clk 0:00:30]} b4 {[%clk 0:00:35]} 39. axb4
{[%clk 0:00:26]} axb4 {[%clk 0:00:36]} 40. fxg5 {[%clk 0:00:22]} Qxg5
{[%clk 0:00:36]} 41. Rf2 {[%clk 0:00:22]} Rxh5 {[%clk 0:00:35]} 42. e6
{[%clk 0:00:12]} Rxe6 {[%clk 0:00:33]} 43. Ref1 {[%clk 0:00:13]} Rh7
{[%clk 0:00:34]} 44. Qg3 {[%clk 0:00:13]} Qe3 {[%clk 0:00:31]} 45. Qb8+
{[%clk 0:00:13]} Re8 {[%clk 0:00:33]} 46. Qc7 {[%clk 0:00:13]} Nf3+
{[%clk 0:00:32]} 47. Kg2 {[%clk 0:00:14]} Ng5 {[%clk 0:00:31]} 48. Rf5
{[%clk 0:00:12]} Qh3+ {[%clk 0:00:29]} 49. Kf2 {[%clk 0:00:12]} Ne4+
{[%clk 0:00:29]} 50. Ke1 {[%clk 0:00:12]} Qe3+ {[%clk 0:00:30]} 0-1

[Event "Blitz 2018"]
[Site "Saint-Petersburg"]
[Date "2018.12.29"]
[Round "3"]
[Board "75"]
[White "Van Foreest Jorden (NED)"]
[Black "Sokolov Andrei (LAT)"]
[Result "1-0"]
[LiveChessVersion "1.4.8"]
[BlackElo "2507"]
[WhiteElo "2657"]

1. e4 {[%clk 0:03:02]} c6 {[%clk 0:03:03]} 2. d4 {[%clk 0:03:02]} d5
{[%clk 0:03:05]} 3. e5 {[%clk 0:03:04]} Bf5 {[%clk 0:03:06]} 4. Nf3
{[%clk 0:03:05]} e6 {[%clk 0:03:05]} 5. Be2 {[%clk 0:03:06]} c5 {[%clk 0:02:54]}
6. O-O {[%clk 0:03:04]} Nc6 {[%clk 0:02:52]} 7. c3 {[%clk 0:03:05]} Bg4
{[%clk 0:02:43]} 8. Nbd2 {[%clk 0:02:44]} Nh6 {[%clk 0:02:21]} 9. h3
{[%clk 0:02:26]} Bxf3 {[%clk 0:02:22]} 10. Nxf3 {[%clk 0:02:26]} cxd4
{[%clk 0:02:05]} 11. Bxh6 {[%clk 0:02:25]} gxh6 {[%clk 0:02:06]} 12. cxd4
{[%clk 0:02:21]} Bg7 {[%clk 0:02:07]} 13. a3 {[%clk 0:02:21]} O-O
{[%clk 0:02:08]} 14. Re1 {[%clk 0:02:17]} f6 {[%clk 0:02:05]} 15. Bd3
{[%clk 0:02:02]} Qb6 {[%clk 0:01:44]} 16. exf6 {[%clk 0:01:50]} Rxf6
{[%clk 0:01:45]} 17. Bc2 {[%clk 0:01:51]} Qa6 {[%clk 0:01:08]} 18. b4
{[%clk 0:01:30]} Raf8 {[%clk 0:01:03]} 19. Re3 {[%clk 0:01:31]} Rxf3
{[%clk 0:00:54]} 20. Rxf3 {[%clk 0:00:52]} Rxf3 {[%clk 0:00:55]} 21. gxf3
{[%clk 0:00:33]} Nxd4 22. Bd3 Qd6 {[%clk 0:00:57]} 23. Rc1 {[%clk 0:00:34]} Qf4
{[%clk 0:00:40]} 24. Rc8+ {[%clk 0:00:35]} Bf8 {[%clk 0:00:17]} 25. Qc1
{[%clk 0:00:24]} Nxf3+ {[%clk 0:00:13]} 26. Kf1 {[%clk 0:00:24]} Qxc1+
{[%clk 0:00:13]} 27. Rxc1 {[%clk 0:00:25]} Ne5 {[%clk 0:00:13]} 28. Be2
{[%clk 0:00:25]} Bd6 {[%clk 0:00:11]} 29. Rc8+ {[%clk 0:00:21]} Kg7
{[%clk 0:00:13]} 30. Ra8 {[%clk 0:00:23]} b6 31. Rxa7+ Kf6 {[%clk 0:00:10]} 32.
Rb7 {[%clk 0:00:23]} Ng6 {[%clk 0:00:09]} 33. Rxb6 Ke5 34. a4 {[%clk 0:00:24]}
Nf4 35. a5 d4 {[%clk 0:00:12]} 36. a6 d3 37. Bxd3 {[%clk 0:00:28]} 1-0